000 00634nam a2200241Ia 4500
005 20260320201015.0
008 008 262003s9999 xx 000 0 eng d
037 _aEBOOK
040 _aCRL
040 _beng
040 _cCRL
041 _2eng
041 _aeng
084 _qCRL
100 _aThomson
245 0 _aCurrent Signature Analysis for Condition Monitoring of Cage Induction Motors: Industrial Application and Case Histories
260 _bIEEE
260 _c2017
856 _uhttps://ieeexplore.ieee.org/servlet/opac?bknumber=7823160
942 _cEBOOK
999 _c1718254
_d1718254